All Pokémon used by important Alola trainers - Statistics

General Stats
  • This quiz has been taken 37 times
    19 since last reset
  • The average score is 115 of 220
Answer Stats
Trainer Games Pokémon % Correct
Samson Oak UM (Gift) Totem Alolan Raticate
90%
Kiawe Sun, USUM Alolan Marowak
80%
Gladion USUM (Conditionally, rematch only) Charizard
80%
Ilima SM, USUM Gumshoos
80%
Kiawe Sun, US Marowak
80%
Samson Oak US (Gift) Totem Alolan Marowak
80%
Samson Oak US (Gift) Totem Gumshoos
80%
Samson Oak USUM (Gift) Totem Mimikyu
80%
Mallow USUM Tsareena
80%
Ilima SM, USUM Yungoos
80%
Plumeria SM (Rematch only), USUM (Rematch only) Alolan Muk
70%
Nanu SM, USUM Alolan Persian
70%
Hau SM, USUM Alolan Raichu
70%
Faba SM (Rematch only), USUM Alolan Raichu
70%
Lana SM, USUM Araquanid
70%
Guzma SM, USUM Golisopod
70%
Sophocles SM, USUM Magnezone
70%
Molayne SM, USUM Magnezone
70%
Kukui/The Masked Royal SM, USUM Magnezone
70%
Hapu SM, USUM Mudsdale
70%
Hau SM, USUM Pikachu
70%
Hala SM (Possible gift) Popplio
70%
Kukui USUM (Possible gift) Popplio
70%
Hau SM (Conditionally), USUM (Conditionally) Popplio
70%
Samson Oak UM (Gift) Totem Araquanid
70%
Faba SM (Rematch only), USUM Alakazam
60%
Hapu SM Alolan Dugtrio
60%
Molayne SM, USUM Alolan Dugtrio
60%
Sophocles SM, USUM Alolan Golem
60%
Olivia SM Alolan Golem
60%
Hala SM, USUM Bewear
60%
Lusamine SM, USUM Bewear
60%
Gladion USUM (Conditionally, rematch only) Blastoise
60%
Kahili USUM Braviary
60%
Kukui/The Masked Royal SM, USUM Braviary
60%
Hau SM (Conditionally), USUM (Conditionally) Brionne
60%
Faba SM, USUM Bruxish
60%
Hala SM, USUM Crabominable
60%
The Masked Royal SM, USUM Crabominable
60%
Hau SM, USUM Crabominable
60%
Hala SM, USUM Crabrawler
60%
Hau SM (Conditionally), USUM (Conditionally) Dartrix
60%
Kukui SM (Conditionally), USUM Decidueye
60%
Hau SM (Conditionally), USUM (Conditionally) Decidueye
60%
Acerola SM, USUM Dhelmise
60%
Acerola SM, USUM Drifblim
60%
Hau SM, USUM Eevee
60%
Acerola SM, USUM Froslass
60%
Hapu SM, USUM Gastrodon (East Sea)
60%
Mina SM, USUM Granbull
60%
Hala SM, USUM Hariyama
60%
Kukui SM (Conditionally), USUM Incineroar
60%
Hau SM (Conditionally), USUM (Conditionally) Incineroar
60%
Lusamine SM, USUM Lilligant
60%
Hala SM (Possible gift) Litten
60%
Kukui USUM (Possible gift) Litten
60%
Hau SM (Conditionally), USUM (Conditionally) Litten
60%
Mallow Moon, UM Lurantis
60%
Plumeria Sun, US Lurantis
60%
Kukui SM, USUM Lycanroc (Midday)
60%
Olivia SM, USUM Lycanroc (Midnight)
60%
The Masked Royal SM, USUM Lycanroc (Midnight)
60%
Hala USUM Machamp
60%
Hala SM, USUM Makuhita
60%
Kahili SM, USUM Mandibuzz
60%
Guzma SM, USUM Masquerain
60%
Olivia SM Nosepass
60%
Kahili SM, USUM Oricorio (Baile Style)
60%
Acerola SM, USUM Palossand
60%
Hau SM, USUM Pichu
60%
Kukui SM, USUM (Unused in battle) Pikipek
60%
Guzma SM, USUM Pinsir
60%
Kukui SM (Conditionally), USUM Primarina
60%
Hau SM (Conditionally), USUM (Conditionally) Primarina
60%
Hala SM Primeape
60%
Olivia SM, USUM Probopass
60%
Kukui/The Masked Royal SM, USUM Rockruff
60%
Hala SM (Possible gift) Rowlet
60%
Kukui USUM (Possible gift) Rowlet
60%
Hau SM (Conditionally), USUM (Conditionally) Rowlet
60%
Kiawe Sun, US Salazzle
60%
Plumeria SM, USUM Salazzle
60%
Guzma SM, USUM Scizor
60%
Gladion SM (Conditionally), USUM (Conditionally) Silvally (Fire Memory)
60%
Gladion SM (Conditionally), USUM (Conditionally) Silvally (Grass Memory)
60%
Gladion SM (Conditionally), USUM (Conditionally) Silvally (Water Memory)
60%
Ilima SM, USUM Smeargle
60%
Kukui/The Masked Royal SM, USUM Snorlax
60%
Mallow Moon Steenee
60%
Sophocles SM, USUM Togedemaru
60%
Hau SM (Conditionally), USUM (Conditionally) Torracat
60%
Samson Oak US (Gift) Totem Lurantis
60%
Samson Oak UM (Gift) Totem Salazzle
60%
Samson Oak UM (Gift) Totem Togedemaru
60%
Samson Oak US (Gift) Totem Vikavolt
60%
Mallow Moon, UM Toucannon
60%
Kahili SM, USUM Toucannon
60%
Gladion USUM (Conditionally, rematch only) Venusaur
60%
Sophocles SM, USUM Vikavolt
60%
Guzma USUM Vikavolt
60%
Mina LGPE Alolan Ninetales
50%
Kukui/The Masked Royal SM, USUM Alolan Ninetales
50%
Olivia USUM Anorith
50%
Olivia USUM Armaldo
50%
Acerola USUM Banette
50%
Olivia SM Carbink
50%
Lusamine SM, USUM Clefable
50%
Mallow Moon, UM Comfey
50%
Lillie USUM Comfey
50%
Kukui SM, USUM (Unused in battle) Corsola
50%
Olivia USUM Cradily
50%
Kahili SM Crobat
50%
Gladion SM, USUM Crobat
50%
Plumeria SM (Rematch only), USUM (Rematch only) Crobat
50%
Kukui USUM (Unused in battle) Cutiefly
50%
Hau SM (Conditionally), USUM (Conditionally) Flareon
50%
Hapu SM, USUM Flygon
50%
Plumeria SM (Rematch only), USUM (Rematch only) Gengar
50%
Olivia USUM Gigalith
50%
Gladion SM, USUM Golbat
50%
Plumeria SM, USUM Golbat
50%
Faba SM, USUM Hypno
50%
Mina SM Klefki
50%
Molayne USUM Klefki
50%
Ilima USUM Komala
50%
Hau SM Komala
50%
Ryuki SM, USUM, Rematch only) Kommo-o
50%
Nanu SM Krookodile
50%
Hapu SM, USUM Krookodile
50%
Lana USUM Lanturn
50%
Olivia USUM Lileep
50%
Lusamine USUM Lopunny
50%
Gladion SM, USUM Lucario
50%
Hala USUM Machop
50%
Hala SM Mankey
50%
Molayne SM, USUM Metagross
50%
Lusamine SM, USUM Milotic
50%
Kukui USUM Ninetales
50%
Hau USUM Noivern
50%
Hala SM, USUM Poliwrath
50%
Mina SM, USUM Ribombee
50%
Lillie USUM Ribombee
50%
Acerola SM Sableye
50%
Nanu SM, USUM Sableye
50%
Plumeria SM, USUM Salandit
50%
Kiawe USUM Talonflame
50%
Mallow Moon, UM Talonflame
50%
Hau USUM Tauros
50%
Samson Oak UM (Gift) Totem Kommo-o
50%
Samson Oak US (Gift) Totem Ribombee
50%
Ryuki SM, USUM Turtonator
50%
Gladion SM, USUM Type: Null
50%
Gladion SM (Gift) Type: Null
50%
Wicke USUM (Gift) Type: Null
50%
Hau SM (Conditionally), USUM (Conditionally) Vaporeon
50%
Gladion SM Weavile
50%
Mina SM, LGPE Wigglytuff
50%
Gladion SM, USUM Zubat
50%
Nanu SM, UM Absol
40%
Molayne SM Alolan Sandslash
40%
Kiawe USUM Arcanine
40%
Molayne USUM Bisharp
40%
Guzma Moon, UM Bisharp
40%
Olivia SM Boldore
40%
Lana SM Chinchou
40%
Faba USUM Claydol
40%
Lana USUM Cloyster
40%
Kiawe Sun Fletchinder
40%
Ryuki USUM Gabite
40%
Ryuki SM, USUM (Rematch only) Garchomp
40%
Hapu USUM Golurk
40%
Kiawe Sun Growlithe
40%
Kahili USUM Hawlucha
40%
Nanu SM Honchkrow
40%
Guzma Moon, UM Honchkrow
40%
Mina LGPE Jigglypuff
40%
Nanu SM, USUM Krokorok
40%
Hau SM (Conditionally), USUM (Conditionally) Leafeon
40%
Kukui SM, USUM (Unused in battle) Luvdisc
40%
Kukui SM, USUM (Unused in battle) Luvdisc
40%
Kukui SM, USUM (Unused in battle) Luvdisc
40%
Mina USUM Mawile
40%
Molayne SM Metang
40%
Lusamine SM Mismagius
40%
Mina LGPE Mr. Mime
40%
Dulse US Poipole
40%
Dulse UM (Gift) Poipole
40%
Soliera UM Poipole
40%
Soliera US (Gift) Poipole
40%
Gladion SM (Rematch only), USUM (Rematch only) Porygon-Z
40%
Olivia SM Relicanth
40%
Mallow Moon, USUM Shiinotic
40%
Mina SM Shiinotic
40%
Kahili SM Skarmory
40%
Molayne SM Skarmory
40%
Faba SM Slowbro
40%
Gladion SM Sneasel
40%
Kukui SM, USUM (Unused in battle) Snubbull
40%
Kukui SM, USUM (Unused in battle) Stufful
40%
Plumeria SM (Rematch only), USUM (Rematch only) Toxapex
40%
Guzma Moon, UM Toxapex
40%
Mallow USUM Trevenant
40%
Guzma SM Ariados
30%
Lillie USUM Clefairy
30%
Ryuki SM, USUM (Rematch only) Dragonite
30%
Ryuki SM, USUM Drampa
30%
Sophocles SM, USUM Electivire
30%
Dulse US Furfrou
30%
Soliera UM Furfrou
30%
Kiawe Sun, US Kangaskhan
30%
Kukui SM, USUM (Unused in battle) Murkrow
30%
Hau USUM Noibat
30%
Mallow Moon Phantump
30%
Kukui SM, USUM (Unused in battle) Poliwhirl
30%
Mallow Moon, UM Sceptile
30%
Lana SM Shellder
30%
Guzma Moon, UM Toxicroak
30%
Gladion USUM Zoroark
30%
Gladion USUM Zorua
30%
Guzma Moon, UM Liepard
10%
No matching quizzes found
Score Distribution
Percent of People with Each Score
Percentile by Number Answered
Your Score History
You have not taken this quiz since the last reset